000 00798nam a2200265Ia 4500
003 BUBTL
008 151213s9999 xx 000 0 und d
020 _a9788131730713
041 _aEnglish
082 _a658.7/ C4558s/ 2010
100 _aChopra, Sunil
_92489
245 _aSupply Chain Management/ (Strategy, Planning and Operation) :
_cSunil Chopra, Peter Meindl, Dharm Vir Kalra
250 _a4th edn.
260 _aNew Delhi :
_bPearson,
_cc2010.
300 _axx, 555 p . :
_bill. ;
_c25.5 cm.
500 _aIncludes Index.
526 _aBBA, MBA
650 _aManagement
_92492
650 _aMarketing
_92492
700 _a Meindl, Peter
_92490
700 _aKalra, Dharam Vir
_92491
856 _k0
_l0
_yDownload
942 _2ddc
_cBK
999 _c4992
_d4992